TEXTBOOK OF GYNECOLOGY (Record no. 11332)

MARC details
000 -LEADER
fixed length control field 00332nam a22001577a 4500
003 - CONTROL NUMBER IDENTIFIER
control field SGT
020 ## - INTERNATIONAL STANDARD BOOK NUMBER
International Standard Book Number 978-93-50-25-369-4
082 ## - DEWEY DECIMAL CLASSIFICATION NUMBER
Classification number 618
Item number G11S
100 ## - MAIN ENTRY--PERSONAL NAME
Personal name SALHAN,SUDHA
245 ## - TITLE STATEMENT
Title TEXTBOOK OF GYNECOLOGY
250 ## - EDITION STATEMENT
Edition statement 1ST
260 ## - PUBLICATION, DISTRIBUTION, ETC. (IMPRINT)
Place of publication, distribution, etc NEW DELHI
Name of publisher, distributor, etc JAYPEE
Year of Publication 2011
300 ## - PAGE DESCRIPTION
No. of Pages 674
650 ## - SUBJECT ADDED ENTRY--TOPICAL TERM
Topical term or geographic name as entry element AYURVEDA
942 ## - ADDED ENTRY ELEMENTS (KOHA)
Source of classification or shelving scheme Dewey Decimal Classification
Koha item type Books
942 ## - ADDED ENTRY ELEMENTS (KOHA)
-- 8
Holdings
Withdrawn status Lost status Source of classification or shelving scheme Damaged status Not for loan Collection code Home library Current library Shelving location Date acquired Vendor Name Cost, normal purchase price SGTU Bill Number Total Checkouts Full call number Accession No. (Barcode) Date last seen Date last borrowed Bill Date Koha item type Use restrictions
    Dewey Decimal Classification     AYURVEDA SGT FA-FP Library SGT FA-FP Library Text Book 27/03/2017 AHUJA PUB 875.00 SGTU 7718 4 618 G11S FA5629 26/05/2022 29/04/2022 11/02/2017 Books  
    Dewey Decimal Classification     AYURVEDA SGT FA-FP Library SGT FA-FP Library Text Book 27/03/2017 AHUJA PUB 875.00 SGTU 7718 1 618 G11S FA5630 06/03/2026 06/03/2026 11/02/2017 Books  
    Dewey Decimal Classification     AYURVEDA SGT FA-FP Library SGT FA-FP Library Reference Book 27/03/2017 AHUJA PUB 875.00 SGTU 7718   618 G11S FA5631 27/03/2017   11/02/2017 Books Restricted Access
    Dewey Decimal Classification     AYURVEDA SGT FA-FP Library SGT FA-FP Library Text Book 27/03/2017 AHUJA PUB 875.00 SGTU 7718 5 618 G11S FA5632 30/07/2021 14/07/2021 11/02/2017 Books  
    Dewey Decimal Classification     AYURVEDA SGT FA-FP Library SGT FA-FP Library Text Book 27/03/2017 AHUJA PUB 875.00 SGTU 7718 2 618 G11S FA5633 16/09/2022 16/09/2022 11/02/2017 Books  
    Dewey Decimal Classification     AYURVEDA SGT FA-FP Library SGT FA-FP Library Text Book 27/03/2017 AHUJA PUB 875.00 SGTU 7718   618 G11S FA5634 27/03/2017   11/02/2017 Books  
    Dewey Decimal Classification     AYURVEDA SGT FA-FP Library SGT FA-FP Library Text Book 27/03/2017 AHUJA PUB 875.00 SGTU 7718 6 618 G11S FA5635 24/12/2022 09/12/2022 11/02/2017 Books  
    Dewey Decimal Classification     AYURVEDA SGT FA-FP Library SGT FA-FP Library Text Book 27/03/2017 AHUJA PUB 875.00 SGTU 7718 5 618 G11S FA5636 26/03/2026 19/03/2026 11/02/2017 Books  
    Dewey Decimal Classification     AYURVEDA SGT FA-FP Library SGT FA-FP Library Text Book 27/03/2017 AHUJA PUB 875.00 SGTU 7718 3 618 G11S FA5637 14/05/2019 14/05/2019 11/02/2017 Books  
    Dewey Decimal Classification     AYURVEDA SGT FA-FP Library SGT FA-FP Library Text Book 27/03/2017 AHUJA PUB 875.00 SGTU 7718   618 G11S FA5638 27/03/2017   11/02/2017 Books